书目信息 |
| 题名: |
古建筑的符号
|
|
| 作者: | 张驭寰 著 | |
| 分册: | ||
| 出版信息: | 武汉 华中科技大学出版社 2011.01 |
|
| 页数: | 144页 | |
| 开本: | 24cm | |
| 丛书名: | 十里楼台 | |
| 单 册: | ||
| 中图分类: | TU-092.2 | |
| 科图分类: | ||
| 主题词: | 古建筑--研究--中国 , 古建筑 | |
| 电子资源: | ||
| ISBN: | 978-7-5609-6309-9 | |
| 000 | 00855oam2 2200265 45 | |
| 001 | 1355777139 | |
| 005 | 20130515173320.68 | |
| 010 | @a978-7-5609-6309-9@dCNY28.00 | |
| 100 | @a20130108d2011 em y0chiy0110 ea | |
| 101 | 0 | @achi |
| 102 | @aCN@b420000 | |
| 105 | @aaf z 000yy | |
| 106 | @ar | |
| 200 | 1 | @a古建筑的符号@AGu Jian Zhu De Fu Hao@f张驭寰著@FZhang Yu Huan Zhu |
| 210 | @a武汉@c华中科技大学出版社@d2011.01 | |
| 215 | @a144页@c图,照片@d24cm | |
| 225 | 2 | @a十里楼台 |
| 330 | @a本书选取了我国史前至明清时期经典的古建筑作为建筑符号,叙述了我国古建筑在发展过程中,结构、风格和艺术上的一脉相承及完整的建筑体系。 | |
| 461 | 0 | @12001 @a十里楼台 |
| 606 | 0 | @a古建筑@x研究@y中国 |
| 606 | 0 | @a古建筑 |
| 690 | @aTU-092.2@v5 | |
| 701 | 0 | @a张驭寰@AZhang Yu Huan@4著 |
| 801 | @aCN@bTANGWEI@c20130112 | |
| 905 | @b0832732-35@dTU-092.2@e102@f4 | |
| 古建筑的符号/张驭寰著.-武汉:华中科技大学出版社,2011.01 |
| 144页:图,照片;24cm.-(十里楼台) |
| ISBN 978-7-5609-6309-9:CNY28.00 |
| 本书选取了我国史前至明清时期经典的古建筑作为建筑符号,叙述了我国古建筑在发展过程中,结构、风格和艺术上的一脉相承及完整的建筑体系。 |
| ● |
| 相关链接 |
|
|
|
|
正题名:古建筑的符号
索取号:TU-092.2/102
 
预约/预借
| 序号 | 登录号 | 条形码 | 馆藏地/架位号 | 状态 | 备注 |
| 1 | 0832732 | 208327327 | 第二样本阅览室/ [索取号:TU-092.2/102] | 在馆 | |
| 2 | 0832733 | 208327336 | 密集书库-资源管理系/ [索取号:TU-092.2/102] | 在馆 | |
| 3 | 0832734 | 208327345 | 第三借阅区/ [索取号:TU-092.2/102] | 在馆 | |
| 4 | 0832735 | 208327354 | 第三借阅区/ [索取号:TU-092.2/102] | 在馆 |